00000000nam 2200000za 4500
0019.827164
003CaOODSP
00520241029160135
007cr |||||||||||
008161108s2016    quca   #ob   f000 0 fre d
020 |a978-0-660-06749-0
040 |aCaOODSP|bfre
043 |an-cn---
0861 |aEm8-25/2016F-PDF
1001 |aWang, Sarah Z.
24510|aNanoparticules fabriquées |h[ressource électronique] : |baspects liés à la santé et à la sécurité / |cpréparé par Sarah Z. Wang, Eva A. Karpinski.
260 |a[Gatineau, QC] : |bEmploi et développement social Canada, Programme du travail, |cc2016.
300 |a38 p. : |bill. en coul.
500 |a« Le 1er août, 2016. »
500 |aPubl. aussi en anglais sous le titre :Engineered nanoparticles: health and safety considerations.
504 |aComprend des réf. bibliogr.
520 |a« Le présent guide a pour but d’aider les spécialistes de la santé et de la sécurité, les employeurs et les employés à évaluer les expositions aux nanoparticules fabriquées, dans les milieux de travail assujettis à la réglementation fédérale, et à mettre en place des mesures de contrôle. Ce document présente les nanomatériaux comme un nouveau risque professionnel. On y examine les effets nocifs d’une exposition sur la santé, de même que les risques d’exposition constatés dans les milieux de travail assujettis à la réglementation fédérale. Il constitue également un document d’orientation sur les procédures d’évaluation et de gestion des substances chimiques dangereuses liées aux nanoparticules. L’objectif du présent guide consiste à appuyer le mandat du Programme de travail, qui est de favoriser des environnements de travail sécuritaires et sains. » -- P. de t.
69207|2gccst|aNanotechnologie
69207|2gccst|aGouvernement fédéral
69207|2gccst|aRisque pour la santé
7001 |aKarpinski, Eva A.
7101 |aCanada. |bEmploi et développement social Canada. |bProgramme du travail.
77508|tEngineered nanoparticles |w(CaOODSP)9.827163
794 |tNanoparticules fabriquées : |w(CaOODSP)9.944623
85640|qPDF|s817 Ko|uhttps://publications.gc.ca/collections/collection_2017/edsc-esdc/Em8-25-2016-fra.pdf
986 |aESDC Nº de cat. : LT-295-12-16F